Statistics for NPBシーズン安打数ランキング

Click here to take the quiz!

General Stats

  • This quiz has been taken 477 times
  • The average score is 15 of 23

Answer Stats

選手名所属安打数年度% Correct
秋山 翔吾西武2162015
90%
秋山 翔吾西武1952018
90%
イチローオリックス1931996
89%
イチローオリックス2101994
89%
青木 宣親ヤクルト2092010
83%
青木 宣親ヤクルト1922006
83%
青木 宣親ヤクルト1932007
83%
青木 宣親ヤクルト2022005
83%
マートン阪神2142010
80%
山田 哲人ヤクルト1932014
78%
西岡 剛ロッテ2062010
68%
松井 稼頭央西武1932002
64%
川端 慎吾ヤクルト1952015
62%
ラミレスヤクルト2042007
59%
ローズ横浜1921999
56%
赤星 憲広阪神1902005
53%
川崎 宗則ソフトバンク1902010
51%
長谷川 勇也ソフトバンク1982013
50%
田中 賢介日本ハム1932010
49%
小笠原 道大日本ハム1952001
46%
藤村 富美男阪神1911950
38%
清水 隆行巨人1912002
37%
金城 龍彦横浜1912005
36%

Score Distribution

Percentile by Number Answered

Percent of People with Each Score

Your Score History

You have not taken this quiz